[Event "Greek Team Championship"]
[Site "chess24.com"]
[Date "2017.07.05"]
[Round "4"]
[White "Papadimitrakis, Georgios"]
[Black "Kesidis, Odyseas"]
[Result "0-1"]
[Board "3"]
[WhiteElo "1358"]
[WhiteCountry "GRE"]
[WhiteFideId "4286065"]
[WhiteEloChange "-2"]
[BlackElo "2202"]
[BlackCountry "GRE"]
[BlackFideId "4221796"]
[BlackEloChange "2"]

1. e4 {[%clk 1:30:58]} e5 {[%clk 1:30:54]} 2. Nf3 {[%clk 1:31:22]} Nc6 {[%clk
1:31:17]} 3. d4 {[%clk 1:31:45]} exd4 {[%clk 1:31:35]} 4. Bc4 {[%clk 1:32:10]}
Bc5 {[%clk 1:31:44]} 5. O-O {[%clk 1:32:25]} d6 {[%clk 1:31:26]} 6. Ng5 {[%clk
1:14:33]} Ne5 {[%clk 1:29:07]} 7. Bb3 {[%clk 1:11:46]} h6 {[%clk 1:19:29]} 8. Qh5
{[%clk 0:48:27]} g6 {[%clk 1:17:09]} 9. Qh4 {[%clk 0:37:11]} Qf6 {[%clk 1:15:51]}
10. Qg3 {[%clk 0:24:01]} hxg5 {[%clk 1:15:00]} 11. Bxg5 {[%clk 0:24:12]} Qg7
{[%clk 1:15:22]} 12. f4 {[%clk 0:23:40]} Ng4 {[%clk 1:15:19]} 13. h3 {[%clk
0:23:13]} d3+ {[%clk 1:14:10]} 14. Kh1 {[%clk 0:23:38]} Ne3 {[%clk 1:13:52]} 15.
Re1 {[%clk 0:23:01]} Nxc2 {[%clk 1:12:26]} 16. Bxc2 {[%clk 0:23:00]} dxc2 {[%clk
1:12:50]} 17. Nc3 {[%clk 0:23:26]} f6 {[%clk 1:13:10]} 18. Bh4 {[%clk 0:23:02]}
Bd7 {[%clk 1:11:46]} 19. e5 {[%clk 0:22:31]} O-O-O {[%clk 1:12:04]} 20. Nd5
{[%clk 0:22:22]} dxe5 {[%clk 1:08:09]} 21. fxe5 {[%clk 0:22:23]} Bc6 {[%clk
1:00:14]} 22. exf6 {[%clk 0:18:31]} Qd7 {[%clk 0:57:48]} 23. f7 {[%clk 0:15:25]}
Bxd5 {[%clk 0:56:09]} 24. fxg8Q {[%clk 0:12:18]} Rdxg8 {[%clk 0:56:25]} 25. Re5
{[%clk 0:07:51]} g5 {[%clk 0:56:12]} 26. Qc3 {[%clk 0:06:56]} Rxh4 {[%clk
0:55:47]} 27. Qxc5 {[%clk 0:06:36]} Qxh3+ {[%clk 0:55:58]} 0-1

[Event "Greek Team Championship"]
[Site "chess24.com"]
[Date "2017.07.05"]
[Round "4"]
[White "Markaki, Sofia"]
[Black "Milliet, Sophie"]
[Result "0-1"]
[Board "5"]
[WhiteElo "1670"]
[WhiteCountry "GRE"]
[WhiteFideId "4248848"]
[WhiteEloChange "-2"]
[BlackElo "2366"]
[BlackTitle "IM"]
[BlackCountry "FRA"]
[BlackFideId "623725"]
[BlackEloChange "2"]

1. e4 {[%clk 1:30:59]} c5 {[%clk 1:30:56]} 2. Nf3 {[%clk 1:31:24]} e6 {[%clk
1:31:18]} 3. d4 {[%clk 1:31:46]} cxd4 {[%clk 1:31:43]} 4. Nxd4 {[%clk 1:32:13]}
Nc6 {[%clk 1:32:08]} 5. c4 {[%clk 1:31:34]} Nf6 {[%clk 1:29:30]} 6. Nc3 {[%clk
1:26:33]} Bb4 {[%clk 1:28:06]} 7. f3 {[%clk 1:26:40]} O-O {[%clk 1:07:02]} 8. Be2
{[%clk 1:17:31]} d5 {[%clk 1:06:49]} 9. cxd5 {[%clk 0:46:40]} exd5 {[%clk
1:07:16]} 10. O-O {[%clk 0:44:35]} Bc5 {[%clk 1:04:25]} 11. Be3 {[%clk 0:44:47]}
dxe4 {[%clk 1:04:32]} 12. Nc2 {[%clk 0:44:39]} Bxe3+ {[%clk 1:04:13]} 13. Nxe3
{[%clk 0:44:58]} Qb6 {[%clk 1:04:07]} 14. Qc1 {[%clk 0:44:05]} exf3 {[%clk
0:54:03]} 15. Bxf3 {[%clk 0:41:59]} Re8 {[%clk 0:53:31]} 16. Re1 {[%clk 0:42:18]}
Ne5 {[%clk 0:50:11]} 17. Kh1 {[%clk 0:36:45]} Nd3 {[%clk 0:48:08]} 18. Qd2 {[%clk
0:36:59]} Nxe1 {[%clk 0:48:33]} 19. Rxe1 {[%clk 0:37:25]} Be6 {[%clk 0:48:34]}
20. a3 {[%clk 0:31:20]} Rad8 {[%clk 0:47:09]} 21. Qc1 {[%clk 0:31:16]} Bb3 {[%clk
0:39:19]} 22. h3 {[%clk 0:28:50]} g6 {[%clk 0:36:16]} 23. Ng4 {[%clk 0:27:46]}
Nxg4 {[%clk 0:36:11]} 24. Bxg4 {[%clk 0:28:09]} f5 {[%clk 0:26:20]} 25. Bf3
{[%clk 0:28:29]} Qf2 {[%clk 0:25:22]} 26. Rf1 {[%clk 0:26:02]} Qd2 {[%clk
0:25:36]} 27. Bxb7 {[%clk 0:26:11]} Qxc1 {[%clk 0:24:43]} 28. Rxc1 {[%clk
0:26:35]} Rd2 {[%clk 0:24:40]} 29. Nb5 {[%clk 0:26:31]} Re7 {[%clk 0:15:02]} 30.
Ba6 {[%clk 0:24:31]} Bd5 {[%clk 0:14:52]} 31. Nc3 {[%clk 0:22:23]} Bxg2+ {[%clk
0:15:05]} 32. Kg1 {[%clk 0:22:47]} Bf3 {[%clk 0:11:58]} 33. b4 {[%clk 0:22:19]}
Rg2+ {[%clk 0:11:54]} 34. Kf1 {[%clk 0:22:37]} Rh2 {[%clk 0:12:20]} 0-1

[Event "Greek Team Championship"]
[Site "chess24.com"]
[Date "2017.07.05"]
[Round "4"]
[White "Tsouli, Rafailia"]
[Black "Petraki, Evaggelia"]
[Result "0-1"]
[Board "6"]
[WhiteElo "1353"]
[WhiteCountry "GRE"]
[WhiteFideId "25815296"]
[WhiteEloChange "-2"]
[BlackElo "1939"]
[BlackCountry "GRE"]
[BlackFideId "4252756"]
[BlackEloChange "2"]

1. d4 {[%clk 1:29:41]} Nf6 {[%clk 1:30:55]} 2. c4 {[%clk 1:29:56]} c5 {[%clk
1:31:20]} 3. e3 {[%clk 1:30:04]} g6 {[%clk 1:30:18]} 4. Nc3 {[%clk 1:27:41]} Bg7
{[%clk 1:30:06]} 5. Nf3 {[%clk 1:25:02]} O-O {[%clk 1:29:34]} 6. Be2 {[%clk
1:20:53]} cxd4 {[%clk 1:28:18]} 7. exd4 {[%clk 1:18:09]} d5 {[%clk 1:27:28]} 8.
O-O {[%clk 1:06:11]} dxc4 {[%clk 1:26:22]} 9. Bxc4 {[%clk 1:06:33]} Bg4 {[%clk
1:25:45]} 10. Be3 {[%clk 1:00:29]} Nc6 {[%clk 1:23:59]} 11. d5 {[%clk 0:55:59]}
Ne5 {[%clk 1:24:09]} 12. Be2 {[%clk 0:56:02]} Bxf3 {[%clk 1:24:04]} 13. Bxf3
{[%clk 0:56:22]} Nc4 {[%clk 1:24:25]} 14. Qb3 {[%clk 0:38:38]} Nxe3 {[%clk
1:21:33]} 15. fxe3 {[%clk 0:39:00]} Qd7 {[%clk 1:20:12]} 16. Qb5 {[%clk 0:33:36]}
Rfd8 {[%clk 1:17:17]} 17. Qxd7 {[%clk 0:32:32]} Rxd7 {[%clk 1:17:35]} 18. Rfe1
{[%clk 0:26:58]} h5 {[%clk 1:11:56]} 19. Rad1 {[%clk 0:20:12]} Ng4 {[%clk
1:04:16]} 20. Bxg4 {[%clk 0:15:13]} hxg4 {[%clk 1:04:40]} 21. e4 {[%clk 0:15:14]}
Bxc3 {[%clk 0:54:00]} 22. bxc3 {[%clk 0:15:39]} Rc8 {[%clk 0:54:26]} 23. Re3
{[%clk 0:14:37]} Rc4 {[%clk 0:42:07]} 24. Kf2 {[%clk 0:09:20]} Rdc7 {[%clk
0:39:34]} 25. Rdd3 {[%clk 0:09:28]} Ra4 {[%clk 0:39:58]} 26. Rd2 {[%clk 0:07:01]}
Rcc4 {[%clk 0:40:19]} 27. Rde2 {[%clk 0:06:38]} Ra3 {[%clk 0:40:25]} 28. Rc2
{[%clk 0:06:58]} b5 {[%clk 0:40:10]} 29. e5 {[%clk 0:03:56]} Rc5 {[%clk 0:35:25]}
30. c4 {[%clk 0:01:22]} Rxe3 {[%clk 0:13:55]} 31. Kxe3 {[%clk 0:01:47]} bxc4
{[%clk 0:14:19]} 32. Kd4 {[%clk 0:02:07]} Ra5 {[%clk 0:14:44]} 33. Kxc4 {[%clk
0:02:31]} Kf8 {[%clk 0:13:51]} 34. d6 {[%clk 0:01:02]} Ke8 {[%clk 0:11:57]} 35.
Rb2 {[%clk 0:00:44]} exd6 {[%clk 0:10:51]} 36. exd6 {[%clk 0:01:11]} Kd7 {[%clk
0:10:52]} 37. Rd2 {[%clk 0:00:43]} f5 {[%clk 0:07:25]} 38. g3 {[%clk 0:00:42]}
Ra6 {[%clk 0:07:35]} 39. Kb5 {[%clk 0:00:46]} Rxd6 {[%clk 0:07:25]} 40. Rxd6+
{[%clk 0:30:42]} Kxd6 {[%clk 0:37:52]} 41. a4 {[%clk 0:08:45]} g5 {[%clk
0:37:52]} 0-1

[Event "Greek Team Championship"]
[Site "chess24.com"]
[Date "2017.07.05"]
[Round "4"]
[White "Petraki, Argiro"]
[Black "Patriki, Alexandra"]
[Result "1-0"]
[Board "7"]
[WhiteElo "1633"]
[WhiteCountry "GRE"]
[WhiteFideId "4252748"]
[WhiteEloChange "2"]
[BlackElo "1202"]
[BlackCountry "GRE"]
[BlackFideId "25824490"]
[BlackEloChange "-2"]

1. e4 {[%clk 1:30:59]} e5 {[%clk 1:30:54]} 2. Nf3 {[%clk 1:31:16]} Nc6 {[%clk
1:31:14]} 3. d4 {[%clk 1:31:43]} exd4 {[%clk 1:31:00]} 4. Nxd4 {[%clk 1:32:10]}
Bc5 {[%clk 1:30:43]} 5. Nb3 {[%clk 1:32:37]} Bb6 {[%clk 1:30:32]} 6. Nc3 {[%clk
1:33:03]} d6 {[%clk 1:30:26]} 7. Qe2 {[%clk 1:33:28]} Be6 {[%clk 1:30:15]} 8. Be3
{[%clk 1:33:51]} Nf6 {[%clk 1:29:46]} 9. f3 {[%clk 1:34:02]} Qe7 {[%clk 1:29:19]}
10. O-O-O {[%clk 1:33:54]} O-O {[%clk 1:28:01]} 11. g4 {[%clk 1:33:39]} Nd7
{[%clk 1:27:28]} 12. Kb1 {[%clk 1:30:13]} a5 {[%clk 1:25:19]} 13. a4 {[%clk
1:29:25]} Nce5 {[%clk 1:12:05]} 14. Nd5 {[%clk 1:25:49]} Bxd5 {[%clk 1:09:24]}
15. Rxd5 {[%clk 1:25:48]} c6 {[%clk 1:06:11]} 16. Rd1 {[%clk 1:25:12]} Nc4 {[%clk
1:00:18]} 17. Qxc4 {[%clk 1:21:50]} Bxe3 {[%clk 0:59:28]} 18. Qd3 {[%clk
1:21:07]} Bf4 {[%clk 0:59:16]} 19. Nd4 {[%clk 1:18:28]} Nc5 {[%clk 0:49:30]} 20.
Qa3 {[%clk 1:12:34]} Rfd8 {[%clk 0:39:07]} 21. Bc4 {[%clk 1:06:10]} Qe5 {[%clk
0:11:19]} 22. h4 {[%clk 1:02:21]} Rdb8 {[%clk 0:07:39]} 23. g5 {[%clk 0:56:34]}
Qe7 {[%clk 0:05:18]} 24. Nf5 {[%clk 0:55:27]} Qc7 {[%clk 0:04:41]} 25. Rhg1
{[%clk 0:54:23]} b5 {[%clk 0:04:21]} 26. axb5 {[%clk 0:49:10]} cxb5 {[%clk
0:04:18]} 27. Bd5 {[%clk 0:47:38]} Ra7 {[%clk 0:01:47]} 28. g6 {[%clk 0:46:13]}
Kh8 {[%clk 0:01:27]} 29. gxf7 {[%clk 0:45:08]} g6 {[%clk 0:01:14]} 30. h5 {[%clk
0:44:46]} g5 {[%clk 0:01:09]} 31. Rxg5 {[%clk 0:45:00]} Bxg5 {[%clk 0:01:09]} 32.
Qc3+ {[%clk 0:45:17]} 1-0

[Event "Greek Team Championship"]
[Site "chess24.com"]
[Date "2017.07.05"]
[Round "4"]
[White "Hatzis-Bakratsas, Alexandros"]
[Black "Fidrilakis, Stavros"]
[Result "1-0"]
[Board "8"]
[WhiteElo "1951"]
[WhiteCountry "GRE"]
[WhiteFideId "4263375"]
[WhiteEloChange "9"]
[BlackElo "1929"]
[BlackCountry "GRE"]
[BlackFideId "4277821"]
[BlackEloChange "-9"]

1. d4 {[%clk 1:30:57]} Nf6 {[%clk 1:23:55]} 2. c4 {[%clk 1:31:14]} e6 {[%clk
1:24:21]} 3. Nc3 {[%clk 1:31:36]} Bb4 {[%clk 1:24:44]} 4. e3 {[%clk 1:32:02]} O-O
{[%clk 1:25:08]} 5. Bd3 {[%clk 1:32:29]} d5 {[%clk 1:25:24]} 6. Ne2 {[%clk
1:28:39]} c5 {[%clk 1:20:33]} 7. cxd5 {[%clk 1:25:28]} cxd4 {[%clk 1:18:30]} 8.
exd4 {[%clk 1:25:49]} Nxd5 {[%clk 1:15:46]} 9. O-O {[%clk 1:26:13]} Nc6 {[%clk
1:15:56]} 10. Bc2 {[%clk 1:23:58]} Re8 {[%clk 1:10:56]} 11. Qd3 {[%clk 1:15:36]}
g6 {[%clk 1:10:32]} 12. Qf3 {[%clk 1:16:01]} Bf8 {[%clk 1:04:32]} 13. Bb3 {[%clk
1:16:15]} Bg7 {[%clk 0:46:15]} 14. Be3 {[%clk 0:56:51]} Qf6 {[%clk 0:33:36]} 15.
Bxd5 {[%clk 0:55:53]} exd5 {[%clk 0:33:52]} 16. Qxf6 {[%clk 0:56:20]} Bxf6 {[%clk
0:34:14]} 17. Nxd5 {[%clk 0:56:48]} Bd8 {[%clk 0:33:49]} 18. Nec3 {[%clk
0:56:32]} Be6 {[%clk 0:23:03]} 19. Rac1 {[%clk 0:55:53]} Kg7 {[%clk 0:17:26]} 20.
h3 {[%clk 0:53:46]} Ne7 {[%clk 0:16:18]} 21. Nf4 {[%clk 0:53:55]} Bc4 {[%clk
0:13:57]} 22. Rfd1 {[%clk 0:51:17]} Nf5 {[%clk 0:13:27]} 23. b3 {[%clk 0:51:22]}
Ba6 {[%clk 0:13:18]} 24. Nfd5 {[%clk 0:50:07]} Nxe3 {[%clk 0:07:37]} 25. fxe3
{[%clk 0:49:13]} Bg5 {[%clk 0:07:34]} 26. Kf2 {[%clk 0:48:31]} Rac8 {[%clk
0:07:15]} 27. g3 {[%clk 0:47:11]} f5 {[%clk 0:05:26]} 28. Nf4 {[%clk 0:44:22]} b6
{[%clk 0:04:34]} 29. d5 {[%clk 0:44:11]} Bxf4 {[%clk 0:03:51]} 30. gxf4 {[%clk
0:39:10]} Rcd8 {[%clk 0:02:42]} 31. Rd4 {[%clk 0:37:58]} Rd7 {[%clk 0:00:51]} 32.
Ra4 {[%clk 0:38:16]} Bd3 {[%clk 0:00:45]} 33. Rd1 {[%clk 0:38:40]} Be4 {[%clk
0:00:36]} 34. Nxe4 {[%clk 0:36:17]} fxe4 {[%clk 0:00:47]} 35. Rdd4 {[%clk
0:36:40]} Kf6 {[%clk 0:00:41]} 36. Kg3 {[%clk 0:35:25]} a5 {[%clk 0:00:33]} 37.
Rac4 {[%clk 0:35:49]} Rd6 {[%clk 0:00:40]} 38. Rc6 {[%clk 0:35:14]} Rxc6 {[%clk
0:00:41]} 39. dxc6 {[%clk 0:35:40]} Rc8 {[%clk 0:01:06]} 40. Rc4 {[%clk 1:06:01]}
Rc7 {[%clk 0:31:01]} 41. a4 {[%clk 1:03:49]} Kf5 {[%clk 0:27:48]} 42. Kf2 {[%clk
1:03:33]} g5 {[%clk 0:23:54]} 43. fxg5 {[%clk 1:01:36]} Kxg5 {[%clk 0:24:19]} 44.
Kg3 {[%clk 1:02:01]} h6 {[%clk 0:21:51]} 45. Rxe4 {[%clk 1:01:47]} Rxc6 {[%clk
0:22:12]} 46. Re5+ {[%clk 1:02:16]} Kf6 {[%clk 0:16:57]} 47. Rb5 {[%clk 1:02:38]}
Kg6 {[%clk 0:15:28]} 48. h4 {[%clk 1:01:22]} Kf6 {[%clk 0:14:24]} 49. Kf4 {[%clk
1:01:46]} Ke6 {[%clk 0:13:40]} 50. e4 {[%clk 1:01:55]} Kf6 {[%clk 0:13:43]} 51.
h5 {[%clk 0:59:38]} Ke6 {[%clk 0:12:52]} 52. e5 {[%clk 1:00:05]} Kf7 {[%clk
0:09:52]} 53. Kf5 {[%clk 1:00:26]} Ke7 {[%clk 0:09:21]} 54. Kf4 {[%clk 0:55:32]}
Kf7 {[%clk 0:04:26]} 55. Ke4 {[%clk 0:55:54]} Ke7 {[%clk 0:04:11]} 56. Kd5 {[%clk
0:56:04]} Kd7 {[%clk 0:04:07]} 57. Ke4 {[%clk 0:54:48]} Ke7 {[%clk 0:04:09]} 58.
Kf5 {[%clk 0:54:15]} Kf7 {[%clk 0:02:39]} 59. b4 {[%clk 0:53:08]} axb4 {[%clk
0:02:12]} 60. Rxb4 {[%clk 0:53:34]} Ke7 {[%clk 0:00:52]} 61. Rg4 {[%clk 0:53:55]}
Rc1 {[%clk 0:00:59]} 62. Rg7+ {[%clk 0:54:00]} Kf8 {[%clk 0:01:13]} 63. Rh7
{[%clk 0:54:13]} Ra1 {[%clk 0:00:32]} 64. Rxh6 {[%clk 0:54:33]} Rxa4 {[%clk
0:00:57]} 65. Rxb6 {[%clk 0:54:12]} Rh4 {[%clk 0:00:57]} 66. h6 {[%clk 0:53:26]}
Rh1 {[%clk 0:01:09]} 67. Rf6+ {[%clk 0:52:59]} Kg8 {[%clk 0:00:47]} 68. Ke6
{[%clk 0:53:24]} Rd1 {[%clk 0:00:47]} 69. Ke7 {[%clk 0:53:39]} Ra1 {[%clk
0:00:50]} 70. e6 {[%clk 0:53:01]} Ra7+ {[%clk 0:01:07]} 71. Kd6 {[%clk 0:53:25]}
Ra6+ {[%clk 0:01:24]} 72. Ke5 {[%clk 0:53:48]} Ra5+ {[%clk 0:01:25]} 73. Kf4
{[%clk 0:54:13]} Ra7 {[%clk 0:01:49]} 74. Kg5 {[%clk 0:54:12]} Rb7 {[%clk
0:01:25]} 75. Rg6+ {[%clk 0:54:23]} Kh7 {[%clk 0:01:06]} 76. Rg7+ {[%clk
0:54:18]} Rxg7+ {[%clk 0:01:30]} 77. hxg7 {[%clk 0:54:45]} Kxg7 {[%clk 0:01:48]}
78. Kf5 {[%clk 0:55:11]} Kg8 {[%clk 0:02:06]} 79. Kg6 {[%clk 0:55:37]} Kf8 {[%clk
0:02:27]} 80. Kf6 {[%clk 0:56:03]} 1-0

[Event "Greek Team Championship"]
[Site "chess24.com"]
[Date "2017.07.05"]
[Round "4"]
[White "Petrakis, Stylianos"]
[Black "Papadopoulos, Spyridonas"]
[Result "1-0"]
[Board "9"]
[WhiteElo "1977"]
[WhiteCountry "GRE"]
[WhiteFideId "4252764"]
[WhiteEloChange "2"]
[BlackElo "1365"]
[BlackCountry "GRE"]
[BlackFideId "25846469"]
[BlackEloChange "-2"]

1. e4 {[%clk 1:23:43]} e5 {[%clk 1:30:54]} 2. Nf3 {[%clk 1:24:04]} Nc6 {[%clk
1:31:16]} 3. d4 {[%clk 1:24:19]} exd4 {[%clk 1:31:39]} 4. Bc4 {[%clk 1:24:22]}
Bb4+ {[%clk 1:24:56]} 5. c3 {[%clk 1:21:27]} dxc3 {[%clk 1:23:11]} 6. O-O {[%clk
1:19:48]} Nge7 {[%clk 1:20:15]} 7. bxc3 {[%clk 1:16:46]} Bc5 {[%clk 1:03:51]} 8.
Ng5 {[%clk 1:16:29]} Ne5 {[%clk 1:03:22]} 9. Nxf7 {[%clk 1:16:35]} Nxf7 {[%clk
1:03:12]} 10. Bxf7+ {[%clk 1:17:00]} Kxf7 {[%clk 0:57:29]} 11. Qh5+ {[%clk
1:17:23]} Ng6 {[%clk 0:57:50]} 12. Qd5+ {[%clk 1:17:24]} Kf8 {[%clk 0:57:25]} 13.
Qxc5+ {[%clk 1:17:40]} d6 {[%clk 0:57:44]} 14. Qe3 {[%clk 1:14:41]} Bg4 {[%clk
0:51:05]} 15. f4 {[%clk 1:08:49]} h5 {[%clk 0:38:51]} 16. Nd2 {[%clk 1:00:43]}
Bd7 {[%clk 0:31:59]} 17. Ba3 {[%clk 0:57:44]} Qe7 {[%clk 0:27:51]} 18. e5 {[%clk
0:55:47]} a6 {[%clk 0:22:33]} 19. Qd3 {[%clk 0:55:48]} Kg8 {[%clk 0:02:34]} 20.
Qxg6 {[%clk 0:55:52]} Rh6 {[%clk 0:02:24]} 21. Qd3 {[%clk 0:55:27]} c5 {[%clk
0:01:53]} 22. c4 {[%clk 0:53:01]} dxe5 {[%clk 0:01:02]} 23. fxe5 {[%clk 0:52:58]}
Bc6 {[%clk 0:00:57]} 24. Nf3 {[%clk 0:50:47]} Rd8 {[%clk 0:01:12]} 25. Qe3 {[%clk
0:50:09]} b6 {[%clk 0:00:56]} 26. Ng5 {[%clk 0:48:40]} Rg6 {[%clk 0:00:44]} 27.
h4 {[%clk 0:48:57]} Rd4 {[%clk 0:00:55]} 28. Qxd4 {[%clk 0:49:08]} Qxg5 {[%clk
0:00:46]} 29. hxg5 {[%clk 0:48:44]} cxd4 {[%clk 0:01:10]} 30. Rf8+ {[%clk
0:46:15]} Kh7 {[%clk 0:01:32]} 31. Bc1 {[%clk 0:44:48]} Ba4 {[%clk 0:01:12]} 32.
Rd8 {[%clk 0:44:14]} Re6 {[%clk 0:00:51]} 33. Bf4 {[%clk 0:44:33]} Kg6 {[%clk
0:00:51]} 34. Rxd4 {[%clk 0:44:35]} b5 {[%clk 0:00:31]} 35. Rd6 {[%clk 0:44:49]}
Kf5 {[%clk 0:00:37]} 36. Rxe6 {[%clk 0:45:12]} Kxe6 {[%clk 0:00:55]} 37. c5
{[%clk 0:45:31]} Kd5 {[%clk 0:00:39]} 38. Rc1 {[%clk 0:45:52]} b4 {[%clk
0:00:43]} 39. c6 {[%clk 0:46:00]} Bxc6 {[%clk 0:01:01]} 40. e6 {[%clk 1:16:19]}
Be8 {[%clk 0:31:16]} 41. Rc8 {[%clk 1:16:36]} Bg6 {[%clk 0:31:08]} 42. e7 {[%clk
1:16:56]} Ke4 {[%clk 0:31:21]} 43. Bd2 {[%clk 1:17:11]} Kd3 {[%clk 0:30:18]} 44.
Bxb4 {[%clk 1:17:30]} 1-0

[Event "Greek Team Championship"]
[Site "chess24.com"]
[Date "2017.07.05"]
[Round "4"]
[White "Karamitanis, Lazaros"]
[Black "Tzagarakis, Panagiotis"]
[Result "0-1"]
[Board "10"]
[WhiteElo "1087"]
[WhiteCountry "GRE"]
[WhiteFideId "25814770"]
[WhiteEloChange "-2"]
[BlackElo "1608"]
[BlackCountry "GRE"]
[BlackFideId "25806009"]
[BlackEloChange "2"]

1. d4 {[%clk 1:30:56]} d5 {[%clk 1:30:56]} 2. Nf3 {[%clk 1:31:21]} Nf6 {[%clk
1:31:20]} 3. Bf4 {[%clk 1:31:45]} c5 {[%clk 1:31:29]} 4. e3 {[%clk 1:31:52]} Nc6
{[%clk 1:31:35]} 5. c3 {[%clk 1:32:10]} Qb6 {[%clk 1:31:03]} 6. Qb3 {[%clk
1:28:59]} c4 {[%clk 1:31:04]} 7. Qxb6 {[%clk 1:28:49]} axb6 {[%clk 1:31:24]} 8.
Nbd2 {[%clk 1:19:57]} b5 {[%clk 1:27:30]} 9. Ne5 {[%clk 0:57:01]} Nh5 {[%clk
1:22:30]} 10. Nxc6 {[%clk 0:56:44]} bxc6 {[%clk 1:22:42]} 11. Bc7 {[%clk
0:53:59]} Bf5 {[%clk 1:21:26]} 12. Be2 {[%clk 0:53:07]} Nf6 {[%clk 1:21:40]} 13.
f3 {[%clk 0:48:16]} h5 {[%clk 1:21:17]} 14. O-O {[%clk 0:47:07]} Kd7 {[%clk
1:19:41]} 15. Be5 {[%clk 0:44:33]} e6 {[%clk 1:16:46]} 16. e4 {[%clk 0:40:02]}
Bg6 {[%clk 1:15:03]} 17. Bxf6 {[%clk 0:36:41]} gxf6 {[%clk 1:15:27]} 18. exd5
{[%clk 0:36:35]} cxd5 {[%clk 1:15:07]} 19. b3 {[%clk 0:35:20]} Ba3 {[%clk
1:10:22]} 20. f4 {[%clk 0:31:18]} Bb2 {[%clk 1:09:48]} 21. Rad1 {[%clk 0:28:27]}
Bc2 {[%clk 1:07:25]} 22. Rde1 {[%clk 0:27:38]} Bxc3 {[%clk 1:06:48]} 23. Rc1
{[%clk 0:27:44]} Bxd4+ {[%clk 1:06:55]} 24. Kh1 {[%clk 0:27:55]} Rxa2 {[%clk
1:06:28]} 25. bxc4 {[%clk 0:26:30]} Be3 {[%clk 1:03:57]} 26. Ra1 {[%clk 0:26:12]}
Rha8 {[%clk 1:03:57]} 27. Rxa2 {[%clk 0:26:05]} Rxa2 {[%clk 1:04:23]} 28. cxd5
{[%clk 0:25:34]} Bxd2 {[%clk 1:04:34]} 29. Bxb5+ {[%clk 0:24:12]} Kd6 {[%clk
1:04:27]} 30. dxe6 {[%clk 0:23:00]} fxe6 {[%clk 1:04:48]} 31. h3 {[%clk 0:22:28]}
h4 {[%clk 1:04:37]} 32. g4 {[%clk 0:19:23]} Be4+ {[%clk 1:04:46]} 0-1

[Event "Greek Team Championship"]
[Site "chess24.com"]
[Date "2017.07.05"]
[Round "4"]
[White "Wieczorek, Oskar"]
[Black "Svetushkin, Dmitry"]
[Result "0-1"]
[Board "1"]
[WhiteElo "2462"]
[WhiteTitle "IM"]
[WhiteCountry "POL"]
[WhiteFideId "1133950"]
[WhiteEloChange "-3"]
[BlackElo "2573"]
[BlackTitle "GM"]
[BlackCountry "MDA"]
[BlackFideId "13900463"]
[BlackEloChange "3"]

1. e4 {[%clk 1:29:50]} e5 {[%clk 1:30:46]} 2. Nf3 {[%clk 1:29:25]} Nc6 {[%clk
1:31:10]} 3. Bb5 {[%clk 1:29:44]} a6 {[%clk 1:31:36]} 4. Ba4 {[%clk 1:30:07]} Nf6
{[%clk 1:32:01]} 5. O-O {[%clk 1:30:27]} Be7 {[%clk 1:32:18]} 6. Re1 {[%clk
1:30:34]} b5 {[%clk 1:32:41]} 7. Bb3 {[%clk 1:31:00]} d6 {[%clk 1:33:08]} 8. c3
{[%clk 1:31:21]} O-O {[%clk 1:33:29]} 9. h3 {[%clk 1:31:28]} Bb7 {[%clk 1:33:53]}
10. d4 {[%clk 1:31:37]} Nd7 {[%clk 1:34:16]} 11. Nbd2 {[%clk 1:31:41]} exd4
{[%clk 1:34:40]} 12. cxd4 {[%clk 1:32:05]} Bf6 {[%clk 1:35:05]} 13. Nf1 {[%clk
1:32:29]} Na5 {[%clk 1:35:31]} 14. Bc2 {[%clk 1:32:50]} Re8 {[%clk 1:35:54]} 15.
Rb1 {[%clk 1:32:55]} c5 {[%clk 1:36:13]} 16. d5 {[%clk 1:33:23]} Nc4 {[%clk
1:36:36]} 17. N3h2 {[%clk 1:33:49]} Nde5 {[%clk 1:35:52]} 18. Ng3 {[%clk
1:33:18]} g6 {[%clk 1:31:12]} 19. b3 {[%clk 1:33:43]} Nb6 {[%clk 1:31:31]} 20.
Rf1 {[%clk 1:34:09]} Bg7 {[%clk 1:24:46]} 21. a4 {[%clk 1:29:06]} b4 {[%clk
1:24:22]} 22. f4 {[%clk 1:17:25]} Ned7 {[%clk 1:23:48]} 23. Ng4 {[%clk 1:14:23]}
a5 {[%clk 1:09:43]} 24. f5 {[%clk 1:05:59]} Qh4 {[%clk 1:00:00]} 25. Qf3 {[%clk
0:26:56]} Ne5 {[%clk 0:58:23]} 26. Nxe5 {[%clk 0:25:32]} Bxe5 {[%clk 0:58:49]}
27. fxg6 {[%clk 0:22:29]} fxg6 {[%clk 0:58:57]} 28. Qf7+ {[%clk 0:22:16]} Kh8
{[%clk 0:59:21]} 29. Bf4 {[%clk 0:22:33]} Bd4+ {[%clk 0:54:40]} 30. Kh2 {[%clk
0:22:47]} Re7 {[%clk 0:54:44]} 31. Bxd6 {[%clk 0:21:19]} Rxf7 {[%clk 0:55:04]}
32. Rxf7 {[%clk 0:21:42]} Ba6 {[%clk 0:51:29]} 33. e5 {[%clk 0:21:51]} Kg8 {[%clk
0:46:09]} 34. Rf3 {[%clk 0:20:49]} Nc8 {[%clk 0:43:31]} 35. Bc7 {[%clk 0:20:05]}
Qe7 {[%clk 0:38:55]} 36. d6 {[%clk 0:19:54]} Qxe5 {[%clk 0:39:07]} 37. Be4 {[%clk
0:18:02]} Ra7 {[%clk 0:31:52]} 38. d7 {[%clk 0:18:23]} Qxc7 {[%clk 0:32:18]} 39.
Bd5+ {[%clk 0:18:47]} Kg7 {[%clk 0:32:45]} 40. Rf7+ {[%clk 0:48:55]} Kh6 {[%clk
1:03:13]} 41. dxc8Q {[%clk 0:49:14]} Qxc8 {[%clk 1:03:09]} 42. Rxa7 {[%clk
0:49:41]} Be5 {[%clk 1:03:21]} 43. Rf7 {[%clk 0:46:53]} Qd8 {[%clk 1:02:42]} 44.
Rd1 {[%clk 0:39:23]} Qg5 {[%clk 1:01:02]} 45. Rf3 {[%clk 0:39:34]} Be2 {[%clk
1:01:09]} 46. Re1 {[%clk 0:38:42]} Bxf3 {[%clk 1:01:18]} 47. Rxe5 {[%clk
0:39:09]} Qxe5 {[%clk 1:01:38]} 48. Bxf3 {[%clk 0:39:36]} Kg5 {[%clk 1:01:59]}
0-1